000 00579nam a2200181Ia 4500
008 090123s9999 xx 000 0 und d
082 _b10089
100 _aबनहट्टी राजेंद्र
245 _aगंगार्पण
250 _a1
260 _bविश्वमोहिनी प्रकाशन
_c1984
300 _a186
600 _aबनहट्टी राजेंद्र
630 _aगंगार्पण
700 _aबनहट्टी राजेंद्र
730 _aगंगार्पण
942 _cBOOK
999 _c48155
_d48155